| 000 | 00437 a2200157 4500 | ||
|---|---|---|---|
| 003 | NUST | ||
| 005 | 20230301173153.0 | ||
| 040 | _cNust | ||
| 082 | _a808.5,AHM | ||
| 100 |
_aAhmad , Mirza Fiaz _9109686 |
||
| 245 |
_aTaqareer : _bEjaz-e-Byan / تقاریر اعجاز بیاں (Urdu) / _cMirza Fiaz Ahmed |
||
| 260 |
_aLahore _bRoheel House _c2009 |
||
| 300 | _a239:p. | ||
| 650 |
_aSpeeches (Urdu) _9109687 |
||
| 942 |
_2ddc _cBK _k808.5,AHM |
||
| 999 |
_c188158 _d188158 |
||